00265nam a2200097Ia 4500008004100000082001800041100002600059245004600085260002700131300000900158210430s9999 xx 000 0 und d a509.22 M941 M aDr. Samar Mubarakmand aMeet the ScientistcDr. Samar Mubarakmand aNUSTbNI, HI, SIc2012 a16 P